000 00734nam a2200277 i 4500
001 C2-0247285
003 PPAK
005 20180727211905.0
008 030326s1994 enka|||| ||||| | eng d
020 _a0751361364
040 _aPPAK
_beng
_cPPAK
_erda
082 0 4 _a530.11
_223
090 0 0 _a530.11
_bGRI
_dR
100 1 _aGribbin, Mary,
_eauthor
245 1 0 _aTime and space
264 1 _aLondon :
_bDorling Kindersley ,
_c1994
300 _a64 pages :
_bcolour illustrations ;
_c29 cm
336 _2rdacontent
_atext
337 _2rdamedia
_aunmediated
338 _2rdacarrier
_avolume
490 1 _aEyewitness guides
650 1 0 _aSpace and time
700 _eauthor
830 0 _aEyewitness guides
942 _ddc
_cB
999 _c61163
_d61163